Implementácia logaritmického numerického systému
Guardado en:
| Autor principal: | |
|---|---|
| Otros Autores: | |
| Formato: | Manuscrito Libro |
| Lenguaje: | eslovaco |
| Publicado: |
Bratislava :
STU v Bratislave FEI,
2021
|
| Materias: | |
| Acceso en línea: | https://opac.crzp.sk/?fn=detailBiblioForm&sid=7E417B54B864B7C45821FA4635AB&seo=CRZP-detail-kniha |
| Etiquetas: |
Sin Etiquetas, Sea el primero en etiquetar este registro!
|
MARC
| LEADER | 00000ntm a22000003a 4500 | ||
|---|---|---|---|
| 001 | stuzp81931 | ||
| 003 | SK-STU | ||
| 005 | 20211112101505.7 | ||
| 007 | ta | ||
| 008 | 150427s2015----xo-----f-mn---000-0-slo-d | ||
| 040 | |a STU |b slo | ||
| 041 | 0 | |a slo | |
| 044 | |a xo | ||
| 100 | 1 | |a Kubala, Dušan |u 030400 |4 aut |U FEI Fakulta elektrotechniky a informatiky |T FEI Ústav automobilovej mechatroniky |X 79996 |U E400 |Y 642 |7 79996 | |
| 242 | 0 | 1 | |a Implementation of logarithmic number system |y eng |
| 245 | 1 | 0 | |a Implementácia logaritmického numerického systému |
| 260 | |a Bratislava : |b STU v Bratislave FEI, |c 2021 | ||
| 300 | |a 84 s., príl. | ||
| 650 | 4 | |a reprezentácia čísiel v numerických systémoch |2 slo | |
| 650 | 4 | |a prevody medzi numerickými systémami |2 slo | |
| 650 | 4 | |a LNS aritmetika |2 slo | |
| 650 | 4 | |a implementácia aritmetiky |2 slo | |
| 650 | 4 | |a overenie |2 slo | |
| 650 | 4 | |a demonštrácia na polynóme |2 slo | |
| 650 | 4 | |a edukačná web stránka |2 slo | |
| 650 | 4 | |a LNS kalkulačka |2 slo | |
| 650 | 4 | |a LNS calculator |2 eng | |
| 650 | 4 | |a representation of numbers in numerical systems |2 eng | |
| 650 | 4 | |a conversions between numerical systems |2 eng | |
| 650 | 4 | |a LNS arithmetic |2 eng | |
| 650 | 4 | |a implementation of arithmetic |2 eng | |
| 650 | 4 | |a verification |2 eng | |
| 650 | 4 | |a demonstration on a polynomial |2 eng | |
| 650 | 4 | |a educational web page |2 eng | |
| 700 | 1 | |a Drahoš, Peter |u 030400 |k Z1 |4 ths |U FEI Fakulta elektrotechniky a informatiky |T FEI Ústav automobilovej mechatroniky |X 3709 |U E400 |Y 642 |7 A000003709 | |
| 856 | 4 | |u https://opac.crzp.sk/?fn=detailBiblioForm&sid=7E417B54B864B7C45821FA4635AB&seo=CRZP-detail-kniha | |